|
|
|
|
| LEADER |
01125cam a2200313 a 4500 |
| 001 |
021290 |
| 003 |
AR-BeUNQ |
| 005 |
20210528103132.0 |
| 008 |
091115s2000||||sp g 000 edspa d |
| 999 |
|
|
|c 20824
|d 96211
|
| 020 |
|
|
|a 8439586655
|
| 040 |
|
|
|a AR-BeUNQ
|e aacr
|
| 082 |
0 |
4 |
|a 868
|2 21
|
| 100 |
1 |
|
|a Sarmiento, Domingo Faustino,
|d 1811-1888.
|
| 245 |
1 |
0 |
|a Facundo :
|b o civilización y barbarie en las pampas argentinas /
|c Domingo F. Sarmiento ; prólogo de Daniel Alcoba.
|
| 260 |
|
|
|a España :
|b Planeta,
|c 2000.
|
| 300 |
|
|
|a 322 p. ;
|c 21 cm.
|
| 490 |
1 |
|
|a Biblioteca La Nación
|
| 500 |
|
|
|a Incluye cartas del autor.
|
| 594 |
|
|
|a MAESTRIA EN HISTORIA PUBLICA Y DIVULGACION DE LA HISTORIA
|
| 595 |
|
|
|a HISTORIA PUBLICA: EL EJERCICIO DE LA DIVULGACION DE LA HISTORIA
|d 2021
|
| 650 |
|
7 |
|a Ideologías
|2 spines
|
| 650 |
|
7 |
|a Politica
|2 spines
|
| 650 |
|
7 |
|a Biografías
|2 spines
|
| 651 |
|
7 |
|a Argentina
|2 spines
|
| 700 |
1 |
|
|a Alcoba, Daniel
|e pról
|4 aui
|
| 830 |
|
0 |
|a Biblioteca La Nación (Planeta).
|
| 929 |
|
|
|a DONACION
|b Dardo Paz Quiroz
|d 0,00
|e 20080724
|f PAT0024535
|g 1076 Exp. 827-0387/98
|j 44367
|
| 942 |
|
|
|c LIB
|n 0
|